000 00720nam a2200265Ia 4500
003 OSt
005 20221006150648.0
006 a|||||r|||| 00| 0
007 ta
008 221006b |||||||| |||| 00| 0 jpn d
020 _c¥3500
024 _a19,397
037 _bGift, Japan Foundation
_cTextual
040 _aEASL
_cEASL
_bjpn
041 _2jpn
_ajpn
082 _aV42:58(T35).N12, M4
100 _aFUJITA Yoshimi
_9657277
245 0 _aMeiji jogakko no sekai
260 _aTokyo
_bSeieisha Japan
_c1984
300 _a322p.
_ccm.
490 _v JL
650 _aJL
942 _hV42:58(T35).N12, M4
_cTEXL
_2CC
999 _c1087483
_d1087483